Association of Consulting Engineers Malaysia [ACEM] directory 2008.

Bibliographic Details
Corporate Author: Association of Consulting Engineers Malaysia [ACEM]
Format: Book
Published: Kuala Lumpur: Association of Consulting Engineers Malaysia, 2008.
Edition:27th ed.
Subjects:
LEADER 01052cam a2200229 7i4500
001 0000021075
005 20080410090000.0
090 0 0 |a M 620.0092025   |b ASS 
110 2 0 |a Association of Consulting Engineers Malaysia [ACEM] 
245 2 0 |a Association of Consulting Engineers Malaysia [ACEM] directory 2008. 
250 0 0 |a 27th ed. 
260 0 0 |a Kuala Lumpur:   |b Association of Consulting Engineers Malaysia,   |c 2008. 
300 # # |a 257 p. 
650 0 0 |a Engineering --   |x Societies,etc --   |x Directories --   |z Malaysia  
650 0 0 |a Consulting engineering --   |x directories --   |z Malaysia  
651 0 0 |a Malaysia  
999 |a JHR000047H  |b Directories  |c Malaysia  |e MATRADE Southern Regional Office 
999 |a 0000022232  |b Directories  |c Malaysia  |e Business Information Centre 
999 |a 0000022233  |b Directories  |c Malaysia  |e Business Information Centre 
999 |a PNG000745H  |b Directories  |c Malaysia  |e MATRADE Northern Regional Office 
999 |a SRW000151H  |b Directories  |c Malaysia  |e MATRADE Sarawak 
999 |a TRG000029H  |b Directories  |c Malaysia  |e MATRADE Eastern Regional Office